Science Quiz

Random Science or Animal Quiz
Score 0/25 Timer 07:00
5 Plays Today
% Correct
Red kangaroo
98.7%
Nile crocodile
98.5%
Garden snail
94.8%
Toco toucan
91%
Aardvark
88.2%
Wild boar
80.5%
Channel catfish
79.4%
Spiny-headed tree frog
72.3%
Southern cricket frog
67.9%
Red swamp or Louisiana crawfish
67.7%
Megarian or Mediterranean banded centipede
62%
Guinea baboon
58.8%
Blue tang
47.6%
% Correct
Sable antelope
45.7%
Atlantic horseshoe crab
42.5%
Gaboon viper
41.9%
Eurasian eagle-owl
38.2%
Green brittle starfish
31.4%
Green stink bug or green soldier bug
30.8%
Thorny devil or moloch
23.7%
Superb bird-of-paradise
23.7%
Greater crested tern
21.8%
European plaice
17.7%
Golden pristella tetra or X-ray fish
16.4%
Blue whistling thrush
7.8%
Remove Ads.
Support Sporcle.
Get the best of Sporcle when you Go Orange. This ad-free experience offers more features, more stats, and more fun while also helping to support Sporcle. Thank you for becoming a member.

You're not logged in!

Compare scores with friends on all Sporcle quizzes.
OR
Log In

Show Comments

Extras

Top Quizzes Today


Score Distribution

Your Account Isn't Verified!

In order to create a playlist on Sporcle, you need to verify the email address you used during registration. Go to your Sporcle Settings to finish the process.

Report this User

Report this user for behavior that violates our Community Guidelines.

Details: